[Event "DEM U18 2025"]
[Site "Willingen GER"]
[Date "2025.06.08"]
[Round "1"]
[White "Stichter, Constantin Paul"]
[Black "Englert, Luca"]
[Result "1/2-1/2"]
[Termination "normal"]
[Board "4"]
[WhiteTitle "CM"]
[BlackTitle "FM"]
[WhiteElo "2216"]
[BlackElo "2333"]
[WhiteClock "00:00:37"]
[BlackClock "00:11:00"]
[PlyCount "208"]
[WhiteFideId "34603140"]
[BlackFideId "16293088"]
[EventCountry "GER"]
[EventRounds "9"]
[EventType "swiss"]
[EventDate "2025.06.07"]

1. c4 {[%clk 01:30:56]} {[%emt 00:00:04]} Nf6 {[%clk 01:30:43]} {[%emt
00:00:18]} 2. Nc3 {[%clk 01:31:20]} {[%emt 00:00:06]} e6 {[%clk 01:31:05]}
{[%emt 00:00:07]} 3. e4 {[%clk 01:31:43]} {[%emt 00:00:07]} d5 {[%clk
01:31:30]} {[%emt 00:00:07]} 4. cxd5 {[%clk 01:31:52]} {[%emt 00:00:20]} exd5
{[%clk 01:31:54]} {[%emt 00:00:06]} 5. e5 {[%clk 01:32:02]} {[%emt 00:00:20]}
d4 {[%clk 01:31:34]} {[%emt 00:00:49]} 6. exf6 {[%clk 01:31:31]} {[%emt
00:01:01]} dxc3 {[%clk 01:31:58]} {[%emt 00:00:06]} 7. dxc3 {[%clk 01:14:16]}
{[%emt 00:17:45]} Qxf6 {[%clk 01:29:36]} {[%emt 00:02:52]} 8. Be3 {[%clk
01:03:26]} {[%emt 00:11:21]} Nc6 {[%clk 01:26:20]} {[%emt 00:03:45]} 9. Nf3
{[%clk 00:59:28]} {[%emt 00:04:28]} Bd6 {[%clk 01:21:03]} {[%emt 00:05:48]} 10.
Bd3 {[%clk 00:50:51]} {[%emt 00:09:07]} Bf5 {[%clk 01:15:52]} {[%emt 00:05:41]}
11. Bxf5 {[%clk 00:48:53]} {[%emt 00:02:28]} Qxf5 {[%clk 01:15:46]} {[%emt
00:00:37]} 12. Qa4 {[%clk 00:48:31]} {[%emt 00:00:51]} O-O-O {[%clk 01:04:44]}
{[%emt 00:11:32]} 13. O-O-O {[%clk 00:45:35]} {[%emt 00:03:25]} a6 {[%clk
00:59:24]} {[%emt 00:05:51]} 14. h3 {[%clk 00:33:59]} {[%emt 00:12:05]} h5
{[%clk 00:56:33]} {[%emt 00:03:22]} 15. Nd4 {[%clk 00:28:34]} {[%emt 00:05:56]}
Qe4 {[%clk 00:52:55]} {[%emt 00:04:08]} 16. Qc2 {[%clk 00:27:22]} {[%emt
00:01:41]} Qxg2 {[%clk 00:45:28]} {[%emt 00:07:57]} 17. Qf5+ {[%clk 00:26:17]}
{[%emt 00:01:35]} Kb8 {[%clk 00:42:21]} {[%emt 00:03:37]} 18. Rhg1 {[%clk
00:24:48]} {[%emt 00:01:58]} Nxd4 {[%clk 00:42:10]} {[%emt 00:00:43]} 19. Bxd4
{[%clk 00:25:03]} {[%emt 00:00:14]} Qc6 {[%clk 00:40:37]} {[%emt 00:02:02]} 20.
Bxg7 {[%clk 00:19:12]} {[%emt 00:06:23]} Rhg8 {[%clk 00:37:30]} {[%emt
00:03:36]} 21. Bd4 {[%clk 00:17:45]} {[%emt 00:01:56]} Rxg1 {[%clk 00:30:01]}
{[%emt 00:08:00]} 22. Rxg1 {[%clk 00:18:10]} {[%emt 00:00:04]} Qc4 {[%clk
00:29:12]} {[%emt 00:01:20]} 23. Kb1 {[%clk 00:17:39]} {[%emt 00:01:00]} Qe2
{[%clk 00:28:10]} {[%emt 00:01:32]} 24. Qxf7 {[%clk 00:14:34]} {[%emt
00:03:35]} Qd3+ {[%clk 00:20:41]} {[%emt 00:08:00]} 25. Ka1 {[%clk 00:12:55]}
{[%emt 00:02:09]} Qxh3 {[%clk 00:19:49]} {[%emt 00:01:21]} 26. Qd5 {[%clk
00:11:46]} {[%emt 00:01:39]} h4 {[%clk 00:16:50]} {[%emt 00:03:30]} 27. Qh1
{[%clk 00:06:15]} {[%emt 00:06:01]} Qxh1 28. Rxh1 {[%clk 00:06:43]} Be7 {[%clk
00:12:53]} {[%emt 00:03:30]} 29. Kb1 {[%clk 00:02:48]} {[%emt 00:04:26]} Kc8
{[%clk 00:13:07]} {[%emt 00:00:15]} 30. Kc2 {[%clk 00:03:07]} {[%emt 00:00:11]}
Kd7 {[%clk 00:12:46]} {[%emt 00:00:51]} 31. Kd3 {[%clk 00:02:55]} {[%emt
00:00:43]} Ke6 {[%clk 00:11:47]} {[%emt 00:01:27]} 32. Ke4 {[%clk 00:03:18]}
{[%emt 00:00:07]} c5 {[%clk 00:11:19]} {[%emt 00:01:00]} 33. Be3 {[%clk
00:03:36]} {[%emt 00:00:12]} Rg8 {[%clk 00:10:52]} {[%emt 00:00:56]} 34. Rh2
{[%clk 00:01:35]} {[%emt 00:02:32]} Rg1 {[%clk 00:07:37]} {[%emt 00:03:45]} 35.
f4 {[%clk 00:00:37]} {[%emt 00:01:27]} Re1 {[%clk 00:07:09]} {[%emt 00:00:57]}
36. f5+ {[%clk 00:00:39]} {[%emt 00:00:29]} Kf7 {[%clk 00:06:51]} {[%emt
00:00:48]} 37. Kf3 {[%clk 00:00:40]} {[%emt 00:00:29]} c4 {[%clk 00:01:25]}
{[%emt 00:05:58]} 38. Bd4 {[%clk 00:00:36]} {[%emt 00:00:32]} Ra1 {[%clk
00:00:53]} {[%emt 00:01:02]} 39. a3 {[%clk 00:00:51]} {[%emt 00:00:15]} b5
{[%clk 00:00:36]} {[%emt 00:00:47]} 40. Ke4 {[%clk 00:00:35]} {[%emt 00:00:45]}
Rb1 {[%clk 00:00:42]} {[%emt 00:00:25]} 41. Kd5 {[%clk 00:00:34]} {[%emt
00:00:30]} Rd1 {[%clk 00:19:41]} {[%emt 00:11:32]} 42. Kc6 {[%clk 00:13:40]}
{[%emt 00:17:24]} Bg5 {[%clk 00:16:13]} {[%emt 00:03:58]} 43. Kb7 {[%clk
00:03:36]} {[%emt 00:10:35]} Rf1 {[%clk 00:15:52]} {[%emt 00:00:50]} 44. f6
{[%clk 00:03:56]} {[%emt 00:00:09]} Kg6 {[%clk 00:09:31]} {[%emt 00:06:52]} 45.
Kxa6 {[%clk 00:03:19]} {[%emt 00:01:07]} Rf5 {[%clk 00:09:56]} {[%emt
00:00:04]} 46. Rh1 {[%clk 00:01:43]} {[%emt 00:02:07]} Kh5 {[%clk 00:09:48]}
{[%emt 00:00:38]} 47. f7 {[%clk 00:01:59]} {[%emt 00:00:14]} Rxf7 {[%clk
00:05:22]} {[%emt 00:04:55]} 48. Kxb5 {[%clk 00:02:26]} {[%emt 00:00:04]} Rb7+
{[%clk 00:05:41]} {[%emt 00:00:11]} 49. Kxc4 {[%clk 00:02:25]} {[%emt
00:00:31]} Rxb2 {[%clk 00:06:06]} {[%emt 00:00:04]} 50. a4 {[%clk 00:02:15]}
{[%emt 00:00:41]} Bf4 {[%clk 00:06:12]} {[%emt 00:00:24]} 51. a5 {[%clk
00:01:24]} {[%emt 00:01:22]} Ra2 {[%clk 00:05:38]} {[%emt 00:01:04]} 52. Bb6
{[%clk 00:01:49]} {[%emt 00:00:04]} Kg4 {[%clk 00:04:36]} {[%emt 00:01:32]} 53.
Kb3 {[%clk 00:02:14]} {[%emt 00:00:05]} Re2 {[%clk 00:04:49]} {[%emt 00:00:17]}
54. a6 {[%clk 00:00:34]} {[%emt 00:02:10]} Re6 {[%clk 00:03:33]} {[%emt
00:01:45]} 55. Bd8 {[%clk 00:00:59]} {[%emt 00:00:06]} h3 {[%clk 00:03:15]}
{[%emt 00:00:48]} 56. a7 {[%clk 00:00:44]} {[%emt 00:00:46]} Ra6 {[%clk
00:03:41]} {[%emt 00:00:04]} 57. Kc4 {[%clk 00:00:37]} {[%emt 00:00:37]} Rxa7
{[%clk 00:04:01]} {[%emt 00:00:09]} 58. Bb6 {[%clk 00:01:05]} {[%emt 00:00:02]}
Rh7 {[%clk 00:01:56]} {[%emt 00:02:35]} 59. Rg1 {[%clk 00:00:33]} {[%emt
00:01:02]} Kf5 {[%clk 00:02:04]} {[%emt 00:00:21]} 60. Kd3 {[%clk 00:00:45]}
{[%emt 00:00:18]} h2 {[%clk 00:02:05]} {[%emt 00:00:30]} 61. Rh1 {[%clk
00:01:12]} {[%emt 00:00:03]} Kg4 {[%clk 00:01:59]} {[%emt 00:00:35]} 62. Bg1
{[%clk 00:00:38]} {[%emt 00:01:05]} hxg1=Q {[%clk 00:02:10]} {[%emt 00:00:19]}
63. Rxg1+ {[%clk 00:00:57]} {[%emt 00:00:11]} Kf5 {[%clk 00:02:36]} {[%emt
00:00:04]} 64. Rg8 {[%clk 00:00:41]} {[%emt 00:00:46]} Be5 {[%clk 00:02:46]}
{[%emt 00:00:20]} 65. Rc8 {[%clk 00:00:47]} {[%emt 00:00:24]} Rh3+ {[%clk
00:03:04]} {[%emt 00:00:11]} 66. Kc2 {[%clk 00:01:11]} {[%emt 00:00:08]} Ke4
{[%clk 00:03:20]} {[%emt 00:00:13]} 67. Kb3 {[%clk 00:01:25]} {[%emt 00:00:15]}
Kd5 {[%clk 00:03:42]} {[%emt 00:00:08]} 68. Kb4 {[%clk 00:00:44]} {[%emt
00:01:11]} Bd6+ {[%clk 00:04:06]} {[%emt 00:00:07]} 69. Kb5 {[%clk 00:01:00]}
{[%emt 00:00:13]} Ke6 {[%clk 00:04:05]} {[%emt 00:00:32]} 70. Ka4 {[%clk
00:00:42]} {[%emt 00:00:48]} Rh4+ {[%clk 00:04:15]} {[%emt 00:00:20]} 71. Kb3
{[%clk 00:01:06]} {[%emt 00:00:07]} Kd7 {[%clk 00:04:31]} {[%emt 00:00:14]} 72.
Rc4 {[%clk 00:01:20]} {[%emt 00:00:16]} Rh1 {[%clk 00:04:55]} {[%emt 00:00:05]}
73. Rd4 {[%clk 00:01:11]} {[%emt 00:00:40]} Kc6 {[%clk 00:05:20]} {[%emt
00:00:05]} 74. Kc2 {[%clk 00:01:11]} {[%emt 00:00:30]} Kc5 {[%clk 00:05:37]}
{[%emt 00:00:12]} 75. Rg4 {[%clk 00:01:32]} {[%emt 00:00:09]} Be5 {[%clk
00:05:49]} {[%emt 00:00:19]} 76. Kb3 {[%clk 00:01:18]} {[%emt 00:00:43]} Kd5
{[%clk 00:06:09]} {[%emt 00:00:11]} 77. Ra4 {[%clk 00:01:03]} {[%emt 00:00:45]}
Rh3 {[%clk 00:06:25]} {[%emt 00:00:13]} 78. Rc4 {[%clk 00:01:21]} {[%emt
00:00:12]} Bf6 {[%clk 00:06:22]} {[%emt 00:00:34]} 79. Rc8 {[%clk 00:01:30]}
{[%emt 00:00:20]} Ke4 {[%clk 00:06:40]} {[%emt 00:00:13]} 80. Rc7 {[%clk
00:01:26]} {[%emt 00:00:31]} Kd3 {[%clk 00:06:57]} {[%emt 00:00:15]} 81. Rd7
{[%clk 00:01:34]} {[%emt 00:00:23]} Ke2 {[%clk 00:07:17]} {[%emt 00:00:09]} 82.
Rc7 {[%clk 00:02:01]} {[%emt 00:00:02]} Kd2 {[%clk 00:07:36]} {[%emt 00:00:12]}
83. Rd7+ {[%clk 00:02:14]} {[%emt 00:00:17]} Kc1 {[%clk 00:07:56]} {[%emt
00:00:11]} 84. Rc7 {[%clk 00:02:39]} {[%emt 00:00:04]} Rf3 {[%clk 00:07:56]}
{[%emt 00:00:30]} 85. Rc6 {[%clk 00:02:40]} {[%emt 00:00:29]} Rf2 {[%clk
00:08:02]} {[%emt 00:00:24]} 86. Re6 {[%clk 00:00:59]} {[%emt 00:02:11]} Rb2+
{[%clk 00:08:08]} {[%emt 00:00:25]} 87. Kc4 {[%clk 00:01:15]} {[%emt 00:00:14]}
Bg5 {[%clk 00:07:55]} {[%emt 00:00:44]} 88. Rg6 {[%clk 00:00:58]} {[%emt
00:00:45]} Bd2 {[%clk 00:08:01]} {[%emt 00:00:25]} 89. Kd3 {[%clk 00:01:18]}
{[%emt 00:00:09]} Be1 {[%clk 00:08:02]} {[%emt 00:00:30]} 90. Ra6 {[%clk
00:00:58]} {[%emt 00:00:48]} Rd2+ {[%clk 00:07:55]} {[%emt 00:00:40]} 91. Ke4
{[%clk 00:00:41]} {[%emt 00:00:47]} Kb2 {[%clk 00:08:15]} {[%emt 00:00:09]} 92.
Rc6 {[%clk 00:00:39]} {[%emt 00:00:32]} Bf2 {[%clk 00:08:15]} {[%emt 00:00:30]}
93. Rc8 {[%clk 00:00:47]} {[%emt 00:00:22]} Kb3 {[%clk 00:08:31]} {[%emt
00:00:14]} 94. Ke5 {[%clk 00:00:51]} {[%emt 00:00:26]} Bd4+ {[%clk 00:08:53]}
{[%emt 00:00:09]} 95. cxd4 {[%clk 00:00:49]} {[%emt 00:00:32]} Kb4 {[%clk
00:08:49]} {[%emt 00:00:33]} 96. d5 {[%clk 00:01:04]} {[%emt 00:00:16]} Kb5
{[%clk 00:09:11]} {[%emt 00:00:08]} 97. Ke6 {[%clk 00:01:01]} {[%emt 00:00:33]}
Kb6 {[%clk 00:09:21]} {[%emt 00:00:19]} 98. d6 {[%clk 00:01:05]} {[%emt
00:00:26]} Re2 {[%clk 00:09:41]} {[%emt 00:00:10]} 99. Kd7 {[%clk 00:01:20]}
{[%emt 00:00:16]} Kb7 {[%clk 00:10:02]} {[%emt 00:00:10]} 100. Rc1 {[%clk
00:01:33]} {[%emt 00:00:15]} Rb2 {[%clk 00:10:23]} {[%emt 00:00:09]} 101. Kd8
{[%clk 00:00:55]} {[%emt 00:01:08]} Rh2 {[%clk 00:10:48]} {[%emt 00:00:06]}
102. Rc7+ {[%clk 00:00:42]} {[%emt 00:00:44]} Kb6 {[%clk 00:10:56]} {[%emt
00:00:21]} 103. Re7 {[%clk 00:00:32]} {[%emt 00:00:40]} Kc6 {[%clk 00:11:08]}
{[%emt 00:00:17]} 104. d7 {[%clk 00:00:37]} {[%emt 00:00:26]} Kd6 {[%clk
00:11:00]} {[%emt 00:00:37]} 1/2-1/2

[Event "DEM U18 2025"]
[Site "Willingen GER"]
[Date "2025.06.08"]
[Round "1"]
[White "Möller, Maurin"]
[Black "Ensslinger, Colin"]
[Result "1-0"]
[Termination "normal"]
[Board "5"]
[WhiteTitle "FM"]
[WhiteElo "2336"]
[BlackElo "2081"]
[WhiteClock "00:02:59"]
[BlackClock "00:01:49"]
[PlyCount "127"]
[WhiteFideId "16265696"]
[BlackFideId "16226011"]
[EventCountry "GER"]
[EventRounds "9"]
[EventType "swiss"]
[EventDate "2025.06.07"]

1. c4 {[%clk 01:30:54]} {[%emt 00:00:05]} Nf6 {[%clk 01:30:45]} {[%emt
00:00:16]} 2. Nc3 {[%clk 01:31:10]} {[%emt 00:00:13]} c5 {[%clk 01:25:50]}
{[%emt 00:05:26]} 3. Nf3 {[%clk 01:28:15]} {[%emt 00:03:23]} Nc6 {[%clk
01:24:13]} {[%emt 00:02:08]} 4. d4 {[%clk 01:28:11]} {[%emt 00:00:34]} cxd4
{[%clk 01:24:12]} {[%emt 00:00:32]} 5. Nxd4 {[%clk 01:28:34]} {[%emt 00:00:07]}
e6 {[%clk 01:22:59]} {[%emt 00:01:42]} 6. Ndb5 {[%clk 01:19:15]} {[%emt
00:09:49]} Bb4 {[%clk 01:00:42]} {[%emt 00:22:46]} 7. a3 {[%clk 01:16:32]}
{[%emt 00:03:15]} Bxc3+ {[%clk 01:01:02]} {[%emt 00:00:10]} 8. Nxc3 {[%clk
01:16:51]} {[%emt 00:00:10]} d5 {[%clk 00:58:52]} {[%emt 00:02:40]} 9. e3
{[%clk 01:12:31]} {[%emt 00:04:50]} O-O {[%clk 00:57:15]} {[%emt 00:02:05]} 10.
Be2 {[%clk 01:01:56]} {[%emt 00:11:07]} dxc4 {[%clk 00:54:17]} {[%emt
00:03:25]} 11. Bxc4 {[%clk 00:57:13]} {[%emt 00:05:16]} Ne5 {[%clk 00:51:02]}
{[%emt 00:03:46]} 12. Be2 {[%clk 00:56:16]} {[%emt 00:01:27]} Qxd1+ {[%clk
00:48:47]} {[%emt 00:02:44]} 13. Nxd1 {[%clk 00:50:17]} {[%emt 00:06:28]} Rd8
{[%clk 00:45:53]} {[%emt 00:03:24]} 14. O-O {[%clk 00:50:22]} {[%emt 00:00:27]}
Bd7 {[%clk 00:44:34]} {[%emt 00:01:49]} 15. Nc3 {[%clk 00:40:28]} {[%emt
00:10:23]} Bc6 {[%clk 00:41:55]} {[%emt 00:03:09]} 16. f3 {[%clk 00:35:06]}
{[%emt 00:05:52]} Nd5 {[%clk 00:31:06]} {[%emt 00:11:19]} 17. Bd2 {[%clk
00:26:31]} {[%emt 00:09:06]} Nb6 {[%clk 00:28:29]} {[%emt 00:03:07]} 18. Rfd1
{[%clk 00:26:37]} {[%emt 00:00:23]} Rd7 {[%clk 00:22:33]} {[%emt 00:06:26]} 19.
e4 {[%clk 00:19:52]} {[%emt 00:07:15]} Rad8 {[%clk 00:17:11]} {[%emt 00:05:53]}
20. Be3 {[%clk 00:18:28]} {[%emt 00:01:54]} Nec4 {[%clk 00:15:57]} {[%emt
00:01:44]} 21. Bxb6 {[%clk 00:16:20]} {[%emt 00:02:38]} Rxd1+ {[%clk 00:15:17]}
{[%emt 00:01:10]} 22. Rxd1 {[%clk 00:16:22]} {[%emt 00:00:27]} Rxd1+ {[%clk
00:15:46]} {[%emt 00:00:02]} 23. Nxd1 {[%clk 00:15:52]} {[%emt 00:00:59]} Nxb6
{[%clk 00:16:15]} {[%emt 00:00:02]} 24. Kf2 {[%clk 00:13:42]} {[%emt 00:02:38]}
Kf8 {[%clk 00:15:51]} {[%emt 00:00:55]} 25. Ke3 {[%clk 00:13:16]} {[%emt
00:00:56]} Ke7 {[%clk 00:16:00]} {[%emt 00:00:22]} 26. Kd4 {[%clk 00:12:30]}
{[%emt 00:01:15]} f6 {[%clk 00:15:19]} {[%emt 00:01:10]} 27. e5 {[%clk
00:12:06]} {[%emt 00:00:55]} Nd7 {[%clk 00:14:15]} {[%emt 00:01:35]} 28. exf6+
{[%clk 00:12:29]} {[%emt 00:00:07]} gxf6 {[%clk 00:14:41]} {[%emt 00:00:03]}
29. Bd3 {[%clk 00:11:55]} {[%emt 00:01:04]} f5 {[%clk 00:11:17]} {[%emt
00:03:54]} 30. Ne3 {[%clk 00:10:13]} {[%emt 00:02:11]} Nf6 {[%clk 00:07:29]}
{[%emt 00:04:19]} 31. h4 {[%clk 00:09:34]} {[%emt 00:01:09]} h5 {[%clk
00:04:36]} {[%emt 00:03:24]} 32. Nc4 {[%clk 00:06:33]} {[%emt 00:03:30]} Nd7
{[%clk 00:03:49]} {[%emt 00:01:18]} 33. Ne5 {[%clk 00:06:21]} {[%emt 00:00:43]}
Kd6 {[%clk 00:04:09]} {[%emt 00:00:08]} 34. Nc4+ {[%clk 00:04:01]} {[%emt
00:02:49]} Ke7 {[%clk 00:04:38]} {[%emt 00:00:02]} 35. Be2 {[%clk 00:03:03]}
{[%emt 00:01:29]} Kf6 {[%clk 00:03:13]} {[%emt 00:01:54]} 36. f4 {[%clk
00:03:15]} {[%emt 00:00:19]} Bxg2 {[%clk 00:02:32]} {[%emt 00:01:11]} 37. Bxh5
{[%clk 00:03:39]} {[%emt 00:00:04]} Bd5 {[%clk 00:01:43]} {[%emt 00:01:20]} 38.
Nd6 {[%clk 00:02:19]} {[%emt 00:01:50]} Bg2 {[%clk 00:01:54]} {[%emt 00:00:19]}
39. Nc4 {[%clk 00:01:46]} {[%emt 00:01:03]} Bd5 {[%clk 00:02:17]} {[%emt
00:00:08]} 40. Be8 {[%clk 00:01:22]} {[%emt 00:00:53]} Nb8 {[%clk 00:00:33]}
{[%emt 00:02:14]} 41. Ne5 {[%clk 00:00:43]} {[%emt 00:01:09]} Na6 {[%clk
00:26:56]} {[%emt 00:04:08]} 42. h5 {[%clk 00:27:38]} {[%emt 00:03:34]} Nc7
{[%clk 00:23:10]} {[%emt 00:04:17]} 43. Bg6 {[%clk 00:26:46]} {[%emt 00:01:22]}
Kg7 {[%clk 00:19:38]} {[%emt 00:04:00]} 44. Nf7 {[%clk 00:08:55]} {[%emt
00:18:22]} Kf6 {[%clk 00:13:23]} {[%emt 00:06:45]} 45. Ne5 {[%clk 00:09:19]}
{[%emt 00:00:06]} Kg7 {[%clk 00:13:48]} {[%emt 00:00:06]} 46. Ke3 {[%clk
00:06:27]} {[%emt 00:03:22]} Be4 {[%clk 00:13:04]} {[%emt 00:01:13]} 47. Kf2
{[%clk 00:06:52]} {[%emt 00:00:04]} Nd5 {[%clk 00:11:14]} {[%emt 00:02:21]} 48.
Kg3 {[%clk 00:07:18]} {[%emt 00:00:04]} Nf6 {[%clk 00:11:34]} {[%emt 00:00:09]}
49. Kh4 {[%clk 00:06:24]} {[%emt 00:01:24]} Bd5 {[%clk 00:11:50]} {[%emt
00:00:14]} 50. Nf7 {[%clk 00:05:52]} {[%emt 00:01:03]} b6 {[%clk 00:10:26]}
{[%emt 00:01:55]} 51. Nd6 {[%clk 00:05:05]} {[%emt 00:01:16]} Kh6 {[%clk
00:09:47]} {[%emt 00:01:09]} 52. Nc8 {[%clk 00:04:45]} {[%emt 00:00:50]} Bc6
{[%clk 00:08:38]} {[%emt 00:01:39]} 53. Bf7 {[%clk 00:03:33]} {[%emt 00:01:42]}
Bd7 {[%clk 00:08:18]} {[%emt 00:00:50]} 54. Nd6 {[%clk 00:03:11]} {[%emt
00:00:52]} Kg7 {[%clk 00:07:28]} {[%emt 00:01:21]} 55. Bg6 {[%clk 00:02:53]}
{[%emt 00:00:47]} Kh6 {[%clk 00:07:52]} {[%emt 00:00:06]} 56. Nf7+ {[%clk
00:02:44]} {[%emt 00:00:39]} Kg7 {[%clk 00:08:20]} 57. Ne5 {[%clk 00:03:07]}
{[%emt 00:00:08]} Ba4 {[%clk 00:08:12]} {[%emt 00:00:38]} 58. Nf3 {[%clk
00:02:46]} {[%emt 00:00:50]} Bc6 {[%clk 00:06:59]} {[%emt 00:01:44]} 59. Ng5
{[%clk 00:02:48]} {[%emt 00:00:28]} Nd5 {[%clk 00:03:26]} {[%emt 00:04:03]} 60.
Nxe6+ {[%clk 00:03:00]} {[%emt 00:00:18]} Kf6 {[%clk 00:03:55]} 61. Bxf5 {[%clk
00:01:50]} {[%emt 00:01:41]} Bd7 {[%clk 00:02:47]} {[%emt 00:01:38]} 62. h6
{[%clk 00:02:16]} {[%emt 00:00:05]} Kxf5 {[%clk 00:01:26]} {[%emt 00:01:50]}
63. h7 {[%clk 00:02:37]} {[%emt 00:00:09]} Ne7 {[%clk 00:01:49]} {[%emt
00:00:07]} 64. Nf8 {[%clk 00:02:59]} {[%emt 00:00:08]} 1-0

[Event "DEM U18 2025"]
[Site "Willingen GER"]
[Date "2025.06.08"]
[Round "1"]
[White "Neuhoff, Laertes"]
[Black "Ohler, Julius"]
[Result "0-1"]
[Termination "normal"]
[Board "6"]
[BlackTitle "FM"]
[WhiteElo "2130"]
[BlackElo "2301"]
[WhiteClock "00:03:35"]
[BlackClock "00:17:13"]
[PlyCount "94"]
[WhiteFideId "16279719"]
[BlackFideId "16238982"]
[EventCountry "GER"]
[EventRounds "9"]
[EventType "swiss"]
[EventDate "2025.06.07"]

1. e4 {[%clk 01:30:59]} {[%emt 00:00:01]} c6 {[%clk 01:30:54]} {[%emt
00:00:07]} 2. d4 {[%clk 01:31:25]} {[%emt 00:00:03]} d5 {[%clk 01:31:20]}
{[%emt 00:00:03]} 3. f3 {[%clk 01:31:51]} {[%emt 00:00:04]} Qb6 {[%clk
01:31:11]} {[%emt 00:00:39]} 4. Nc3 {[%clk 01:32:14]} {[%emt 00:00:07]} dxe4
{[%clk 01:30:53]} {[%emt 00:00:49]} 5. fxe4 {[%clk 01:32:43]} {[%emt 00:00:02]}
e5 {[%clk 01:28:20]} {[%emt 00:03:02]} 6. dxe5 {[%clk 01:11:43]} {[%emt
00:21:30]} Bc5 {[%clk 01:21:51]} {[%emt 00:06:57]} 7. Nf3 {[%clk 01:09:27]}
{[%emt 00:02:46]} Be6 {[%clk 01:12:00]} {[%emt 00:10:21]} 8. Bd3 {[%clk
01:04:59]} {[%emt 00:04:59]} Nd7 {[%clk 01:09:19]} {[%emt 00:03:11]} 9. a3
{[%clk 00:52:55]} {[%emt 00:12:34]} Qc7 {[%clk 01:07:14]} {[%emt 00:02:34]} 10.
Bf4 {[%clk 00:48:29]} {[%emt 00:04:56]} Ne7 {[%clk 01:01:54]} {[%emt 00:05:51]}
11. Na4 {[%clk 00:33:57]} {[%emt 00:15:02]} Ng6 {[%clk 01:00:31]} {[%emt
00:01:54]} 12. Nxc5 {[%clk 00:30:40]} {[%emt 00:03:46]} Nxc5 {[%clk 01:00:53]}
{[%emt 00:00:08]} 13. Bg3 {[%clk 00:28:00]} {[%emt 00:03:10]} h6 {[%clk
00:58:38]} {[%emt 00:02:44]} 14. Qe2 {[%clk 00:23:16]} {[%emt 00:05:15]} O-O
{[%clk 00:56:15]} {[%emt 00:02:52]} 15. O-O {[%clk 00:20:57]} {[%emt 00:02:49]}
Rad8 {[%clk 00:50:55]} {[%emt 00:05:50]} 16. Qe3 {[%clk 00:18:35]} {[%emt
00:02:52]} Qb6 {[%clk 00:44:39]} {[%emt 00:06:47]} 17. Rad1 {[%clk 00:15:47]}
{[%emt 00:03:18]} Nd7 {[%clk 00:42:35]} {[%emt 00:02:33]} 18. Qxb6 {[%clk
00:15:22]} {[%emt 00:00:57]} axb6 {[%clk 00:43:02]} {[%emt 00:00:03]} 19. h3
{[%clk 00:11:35]} {[%emt 00:04:16]} b5 {[%clk 00:40:15]} {[%emt 00:03:17]} 20.
Rd2 {[%clk 00:09:50]} {[%emt 00:02:16]} Nc5 {[%clk 00:37:48]} {[%emt 00:02:55]}
21. Rfd1 {[%clk 00:07:57]} {[%emt 00:02:23]} Na4 {[%clk 00:36:37]} {[%emt
00:01:42]} 22. c3 {[%clk 00:06:29]} {[%emt 00:01:58]} Bb3 {[%clk 00:36:05]}
{[%emt 00:01:01]} 23. Rb1 {[%clk 00:02:11]} {[%emt 00:04:49]} Nc5 {[%clk
00:36:23]} {[%emt 00:00:11]} 24. Nd4 {[%clk 00:02:28]} {[%emt 00:00:14]} Nxd3
{[%clk 00:29:25]} {[%emt 00:07:28]} 25. Nxb3 {[%clk 00:02:56]} {[%emt
00:00:01]} Ndxe5 {[%clk 00:29:23]} {[%emt 00:00:31]} 26. Rbd1 {[%clk 00:03:09]}
{[%emt 00:00:18]} Rxd2 {[%clk 00:29:36]} {[%emt 00:00:17]} 27. Rxd2 {[%clk
00:03:24]} {[%emt 00:00:15]} Re8 {[%clk 00:26:24]} {[%emt 00:03:41]} 28. Kf2
{[%clk 00:02:34]} {[%emt 00:01:20]} Nc4 {[%clk 00:25:13]} {[%emt 00:01:41]} 29.
Re2 {[%clk 00:02:47]} {[%emt 00:00:17]} Nf8 {[%clk 00:24:22]} {[%emt 00:01:20]}
30. Bf4 {[%clk 00:02:18]} {[%emt 00:01:00]} Ne6 {[%clk 00:24:09]} {[%emt
00:00:44]} 31. Bc1 {[%clk 00:02:43]} {[%emt 00:00:05]} Rd8 {[%clk 00:24:09]}
{[%emt 00:00:29]} 32. Kf3 {[%clk 00:00:53]} {[%emt 00:02:21]} Rd1 {[%clk
00:23:37]} {[%emt 00:01:02]} 33. Kf2 {[%clk 00:00:54]} {[%emt 00:00:28]} Ne5
{[%clk 00:22:53]} {[%emt 00:01:14]} 34. Rd2 {[%clk 00:00:39]} {[%emt 00:00:45]}
Nd3+ {[%clk 00:22:27]} {[%emt 00:00:56]} 35. Ke3 {[%clk 00:00:34]} {[%emt
00:00:35]} Nxc1 {[%clk 00:22:35]} {[%emt 00:00:22]} 36. Rxd1 {[%clk 00:00:45]}
{[%emt 00:00:19]} Nxb3 {[%clk 00:23:01]} {[%emt 00:00:04]} 37. Rd7 {[%clk
00:01:09]} {[%emt 00:00:06]} Nbc5 {[%clk 00:23:26]} {[%emt 00:00:05]} 38. Rd2
{[%clk 00:00:57]} {[%emt 00:00:43]} Kf8 {[%clk 00:22:57]} {[%emt 00:00:58]} 39.
Rc2 {[%clk 00:01:25]} {[%emt 00:00:03]} Ke7 {[%clk 00:20:16]} {[%emt 00:03:10]}
40. c4 {[%clk 00:01:51]} {[%emt 00:00:05]} bxc4 {[%clk 00:20:30]} {[%emt
00:00:15]} 41. Rxc4 {[%clk 00:02:19]} {[%emt 00:00:01]} Kd6 {[%clk 00:20:24]}
{[%emt 00:00:36]} 42. b4 {[%clk 00:02:30]} {[%emt 00:00:21]} Nd7 {[%clk
00:16:01]} {[%emt 00:04:53]} 43. a4 {[%clk 00:02:45]} {[%emt 00:00:15]} Nb6
{[%clk 00:16:18]} {[%emt 00:00:13]} 44. Rc2 {[%clk 00:02:43]} {[%emt 00:00:31]}
Nxa4 {[%clk 00:16:41]} {[%emt 00:00:08]} 45. Ra2 {[%clk 00:03:10]} {[%emt
00:00:03]} b5 {[%clk 00:17:04]} {[%emt 00:00:07]} 46. Rc2 {[%clk 00:03:35]}
{[%emt 00:00:04]} c5 {[%clk 00:17:13]} {[%emt 00:00:22]} 47. Kd4 {[%emt
00:00:11]} Ke5+ 0-1